Escuelas de imperio

Bibliographic Details
Main Author: de Lario, Dm̀aso
Format: eBook
Language:Spanish
Published: Madrid: Dykinson, 2019
Subjects:
Online Access:Acceso restringido

MARC

LEADER 00000nam a22000007a 4500
005 20190416215125.0
007 cr|||| ||||
008 190416s2019 es |||||s|||| 00||0 spa d
020 |a 978-84-1324-130-2 
035 |a 23296 
040 |a vLex 
090 |c 8638  |d 8638 
100 1 |a de Lario, Dm̀aso 
245 1 0 |a Escuelas de imperio  |h [Recurso electrn̤ico] /  |c Dm̀aso de Lario 
256 |a Servicio en ln̕ea 
260 |a Madrid:  |b Dykinson,  |c 2019 
300 |a 1 recurso electrn̤ico 
500 |a Comprender el proceso de formacin̤ de las elites de mando y de gobierno de la Europa moderna supone tambiň comprender las instituciones en que aquellas se formaron. Ello nos lleva necesariamente a los org̕enes y desarrollo de los colegios universitarios y al papel que estos juegan en la forja de esas elites. El potente movimiento colegial espaǫl, en el que los denominados colegios mayores tienen una especial relevancia, es parte de aquel proceso. Este libro quiere relatar esa historia, explicar la estructura institucional de esas fundaciones, el grado de x̌ito de sus colegiales en su despliegue por los territorios de la monarqua̕ hispǹica y las causas l︢timas de la desaparicin̤ de los colegios mayores. 
506 1 |a Disponible solo en los productos indicados  |d vLex Global  |d vLex Global (Academic Edition, excluding Law Schools)  |d vLex Global (U.S. Academic Edition, Law Schools)  |d vLex Global (U.S. Academic Edition, excluding Law Schools)  |d vLex Global (Academic Edition, Law Schools) 
650 0 4 |a Derecho Militar  |z Espaą 
740 0 |a vLex Libros (Servicio en ln̕ea) 
856 4 0 |u http://vlex.com/source/escuelas-de-imperio-23296  |z Acceso restringido 
942 |c BOOK 
999 0 |a Military Law